|
|
|
|
| LEADER |
00997pam a22002898a 4500 |
| 001 |
00033189 |
| 008 |
150427s2011 ||||||Viesd |
| 005 |
20171026081025.0 |
| 020 |
|
|
|c 50000
|
| 041 |
0 |
# |
|a Vie
|
| 082 |
1 |
4 |
|a 576.507 6
|b H561D
|
| 100 |
1 |
# |
|a Nguyễn, Văn Long
|
| 245 |
0 |
0 |
|a Hướng dẫn giải bài tập tự luận môn sinh học
|c Nguyễn Văn Long, Nguyễn Hồng Ánh
|b Phần: các quy luật di truyền
|
| 260 |
# |
# |
|a Hà Nội
|b Giáo dục
|c 2011
|
| 300 |
# |
# |
|a 291 tr.
|c 24 cm.
|
| 653 |
# |
# |
|a Bài tập
|
| 653 |
# |
# |
|a Tự luận
|
| 653 |
# |
# |
|a Hướng dẫn giải
|
| 653 |
# |
# |
|a Di truyền
|
| 700 |
1 |
# |
|a Nguyễn, Hồng Ánh
|
| 852 |
# |
# |
|b Kho mượn
|j KM.0018148, KM.0020097
|
| 852 |
# |
# |
|j KD.0016616
|j KM.0020097
|j KM.0018148
|
| 852 |
# |
# |
|b Kho đọc
|j KD.0016616
|
| 910 |
0 |
# |
|a kchi
|d 27/4/2015
|
| 980 |
# |
# |
|a Trung tâm Học liệu Lê Vũ Hùng, Trường Đại học Đồng Tháp
|